000 00339nam a22001457a 4500
008 181122b xxu||||| |||| 00| 0 eng d
020 _a0316364002
041 _aeng
080 _21st
_a616.12
082 _a616.12
100 _a7
101 _aKAR
245 _aManual of clinical problems in cardiology
_c Ormand.J.E
942 _2udc
_cBK
999 _c52368
_d52368